[Event "DEM U12/U12w 2000"]
[Site "Überlingen GER"]
[Date "2000.06.06"]
[Round "5"]
[White "Slobodan, Nadja"]
[Black "Popovic, Nathalie"]
[Result "0-1"]
[Termination "normal"]
[Board "48"]
[WhiteElo "766"]
[BlackElo "745"]
[PlyCount "136"]
[BlackFideId "24630292"]
[EventCountry "GER"]
[EventRounds "11"]
[EventType "swiss"]
[EventDate "2000.06.03"]

1. e4 e5 2. Nf3 Nc6 3. Bb5 d6 4. d4 exd4 5. Nxd4 Bd7 6. Bxc6 Bxc6 7. Nxc6 bxc6
8. Nc3 Nf6 9. O-O d5 10. Bg5 Be7 11. Re1 Rb8 12. Bxf6 Bxf6 13. exd5+ Be7 14. b3
O-O 15. dxc6 Bf6 16. Qxd8 Rfxd8 17. Re3 Re8 18. Rae1 Rxe3 19. Rxe3 Rd8 20. g3
h6 21. Ne4 Be7 22. Rd3 Rxd3 23. cxd3 f5 24. Nc3 Kf7 25. Nb5 Bd8 26. Nxa7 Ke6
27. Kg2 Kd5 28. Nb5 g6 29. Kf3 Kxc6 30. Nd4+ Kd5 31. Ke3 c5 32. Nc2 Bb6 33. Kd2
g5 34. Kc3 f4 35. g4 f3 36. b4 cxb4+ 37. Nxb4+ Ke5 38. h3 Bxf2 39. Nc6+ Kf4 40.
Kd2 Kg3 41. d4 Kg2 42. d5 Bb6 43. Ne5 f2 44. Nc4 f1=Q 45. Ne3+ Bxe3+ 46. Kxe3
Qf3+ 47. Kd4 Qxh3 48. d6 Qxg4+ 49. Kc5 Kf3 50. Kc6 Qe6 51. a3 Qxd6+ 52. Kxd6 g4
53. a4 g3 54. a5 g2 55. a6 g1=Q 56. Kc6 h5 57. Kb7 h4 58. a7 Qxa7+ 59. Kxa7 h3
60. Ka8 h2 61. Ka7 h1=Q 62. Kb6 Qc1 63. Kb7 Ke4 64. Kb8 Kd5 65. Kb7 Kd6 66. Kb6
Qb1+ 67. Ka7 Kc6 68. Ka8 Qb7# 0-1

[Event "DEM U12/U12w 2000"]
[Site "Überlingen GER"]
[Date "2000.06.06"]
[Round "5"]
[White "Goedeke-Tort, Maheba"]
[Black "Hahn, Eva-Katharina"]
[Result "1-0"]
[Termination "normal"]
[Board "49"]
[WhiteElo "916"]
[BlackElo "392"]
[PlyCount "60"]
[EventCountry "GER"]
[EventRounds "11"]
[EventType "swiss"]
[EventDate "2000.06.03"]

1. e4 e5 2. Nf3 Bd6 3. d4 Qe7 4. Nc3 Nc6 5. Bc4 Nf6 6. Bg5 Na5 7. Nd5 Qe6 8.
Nxc7+ Bxc7 9. Bxe6 dxe6 10. dxe5 Nxe4 11. O-O Nxg5 12. Nxg5 Bxe5 13. Qd2 Nc4
14. Qb4 Bxb2 15. Qxc4 Bxa1 16. Rxa1 Bd7 17. Rd1 Rc8 18. Qd3 Rd8 19. Qf3 Rf8 20.
Qxb7 Bc8 21. Rxd8+ Kxd8 22. Nxf7+ Rxf7 23. Qxf7 h5 24. Qxh5 g6 25. Qg5+ Ke8 26.
Qxg6+ Kd8 27. Qh7 a5 28. h4 a4 29. Kh2 a3 30. Kg3 e5 1-0